000 01357nam a22003017a 4500
005 20081021100252.0
008 081021t xxu||||| |||| 00| 0 hin d
010 _aHIN-84471
020 _a9788190543330
_c400.00
035 _aHN-56817
037 _bDBAD / PUB
040 _aDPL
_bHN
082 _a230.1
100 _aनागर, जनार्दन राय
245 _aसीता- राम /
_cजनार्दन राय नागर
246 _aSita-Ram
_bby Janaardan Ray Naagar
260 _aजयपुर
_bहस्तलिपि
_c2008
270 _aगीतांजलि अपार्टमेंट, 1926, नाटाणियों का रास्ता
_bजयपुर
_e302003
_kमो. 9414068211
300 _a248पृ
_c22सेमी (सजिल्द)
650 _aवालमीकि रामायण
650 _aValmiki Ramayana
650 _aराम ( हिन्दू देवता )
650 _aRama ( Hindu deity )
650 _aसीता ( हिन्दू देवी )
650 _aSita ( Hindu deity )
942 _2ddc
_cHN
_mनागर
_h230.1
999 _c16942
_d16942